000 00937nam a22002177a 4500
999 _c19116
_d19116
003 AR-CdUCM
008 190516b ||||| |||| 00| 0 spa d
040 _aMUNICIPALIDAD PROVINCIAL DEL CUSCO
_cBIBLIOTECA MUNICIPAL DEL CUSCO
082 _a351.103 /
_bC61
100 _aCastañeda Santos, Victoriano
_98545
245 _aManual para el uso y aplicación del clasificador de cargos estructurados :
_bAdministración integral del potencial humano /
260 _aLima :
_c1995.
300 _a502 paginas ;
_c20 cm.
505 _aContenido :Comprende actividades: deberes y responsabilidades típicas del personal directivo, profesional, técnico y auxiliar de organizaciones estatales y particulares /
650 _aClasificación de cargos (Administración pública)
_940256
650 _aAdministración pública
_921013
650 _aPerú.
_935
710 _aINDECOPI
_940257
942 _2ddc
_cLIBROS
945 _arjall
_d2019-05-16